Burda světová móda
| Format: | Journal |
|---|---|
| Language: | Czech |
| PhysicalDescription: | zv. ilustr. 27-30 cm |
| Published: |
Offenburg
Aenne Burda
1989-
1990-2018 Praha Burda Praha 2018-1/2024 Burda International CZ 2/2024- BurdaMedia Extra |
| ISSN: | 2571-1989 |
| Subjects: | |
| Online Access: | www.burda.cz |
MARC
| LEADER | 00000nas a2200000 a 4500 | ||
|---|---|---|---|
| 001 | vtls008185279 | ||
| 003 | SK-MaSNL | ||
| 005 | 20260228163538.0 | ||
| 008 | 050719c19899999xr mr p 000 b0cze c | ||
| 022 | |a 2571-1989 | ||
| 040 | |a SVKPO |b slo |c SVKPO |d SNK |e AACR2 | ||
| 041 | 0 | |a cze | |
| 044 | |a xr |c CZ | ||
| 080 | |a 050 |2 MRF | ||
| 080 | |a 391 |2 MRF | ||
| 080 | |a 746.4 |2 MRF | ||
| 210 | 0 | |a Burda |b (Praha) | |
| 222 | 0 | |a Burda |b (Praha) | |
| 245 | 0 | 0 | |a Burda |b světová móda |
| 246 | 1 | 3 | |a Burda style |
| 260 | |a Offenburg |b Aenne Burda |c 1989- | ||
| 260 | 2 | |a 1990-2018 |b Praha |c Burda Praha | |
| 260 | 2 | |a 2018-1/2024 |b Praha |c Burda International CZ | |
| 260 | 3 | |a 2/2024- |b Praha |c BurdaMedia Extra | |
| 300 | |a zv. |b ilustr. |c 27-30 cm | ||
| 310 | |a 1x mesačne | ||
| 362 | 0 | |a Č. 1 (1989)- | |
| 500 | |a Podnázov od č. 4/2014: style | ||
| 650 | 0 | 7 | |a móda |2 SNKPH |9 19682 |
| 650 | 0 | 7 | |a šitie |2 SNKPH |9 3098 |
| 655 | 7 | |a časopisy pre ženy |2 SNKPH |9 70785 | |
| 852 | |a Štátna vedecká knižnica v Banskej Bystrici | ||
| 856 | 4 | 1 | |u www.burda.cz |
| 910 | |a snk | ||
| 910 | |a svkpo | ||
| 999 | |c 9801 |d 11731 | ||
| 952 | |a SNK |b SNK |y PREZ |7 0 |p 17A0039401 |o snkČB 4908/1989 |0 0 |1 1 |4 0 |d 1997-02-20 |l 0 |r 2005-01-02 00:00:00 |w 2026-02-21 | ||
| 952 | |a SNK |b SNK |y PREZ |7 0 |p 17A0642307 |o snkČB 4908/2001/1 |i snk2004/1541 |8 4 |0 0 |1 1 |4 0 |d 2010-01-12 |l 0 |r 2026-02-21 19:31:26 |w 2026-02-21 | ||
| 952 | |a SNK |b SNK |y PREZ |7 0 |p 17A0642283 |o snkČB 4908/2001/2 |i snk2004/1542 |8 4 |0 0 |1 1 |4 0 |d 2010-01-12 |l 0 |r 2026-02-21 19:31:26 |w 2026-02-21 | ||
| 952 | |t č. 1-6 + 6 príl. |a SNK |b SNK |y PREZ |7 0 |p 17A1328621 |o snkČB 4908/2016/1 |i snk2018/19564 |8 4 |z Strihová príloha č. 1-6 |0 0 |1 0 |4 0 |d 2018-09-27 |l 0 |r 2026-02-21 19:55:26 |w 2026-02-21 | ||
| 952 | |t č. 1-6 + 6 príl. |a SNK |b SNK |y PREZ |7 0 |p 17A1557638 |o snkČB 4908/2023/1 |i snk2025/13919 |8 3 |z Príl.: Strihová príloha č. 1-6 |0 0 |1 0 |4 0 |d 2025-09-03 |l 0 |r 2026-02-21 20:02:08 |w 2026-02-21 | ||
| 952 | |t č. 7-12 + 6 príl. |a SNK |b SNK |y PREZ |7 0 |p 17A1557639 |o snkČB 4908/2023/2 |i snk2025/13920 |8 3 |z Príl.: Strihová príloha č. 7-12 |0 0 |1 0 |4 0 |d 2025-09-03 |l 0 |r 2026-02-21 20:02:08 |w 2026-02-21 | ||
| 952 | |t č. 1-6 + 6 príl. |a SNK |b SNK |y PREZ |7 0 |p 17A1557640 |o snkČB 4908/2024/1 |i snk2025/13929 |8 3 |z Príl.: Strihová príloha č. 1-6 |0 0 |1 0 |4 0 |d 2025-09-03 |l 0 |r 2026-02-21 20:02:08 |w 2026-02-21 | ||
| 952 | |t č. 7-12 + 6 príl. |a SNK |b SNK |y PREZ |7 0 |p 17A1557641 |o snkČB 4908/2024/2 |i snk2025/13930 |8 3 |z Príl.: Strihová príloha č. 7-12 |0 0 |1 0 |4 0 |d 2025-09-03 |l 0 |r 2026-02-21 20:02:08 |w 2026-02-21 | ||
| 952 | |t č. 1-6 + 6 príl. |a SNK |b SNK |y PREZ |7 0 |p 17A1463252 |o snkČB 4908/2020/1 |i snk2022/9430 |8 3 |0 0 |1 0 |4 0 |d 2022-06-10 |l 0 |r 2026-02-21 20:10:35 |w 2026-02-21 | ||
| 952 | |t č. 7-12 + 6 príl. |a SNK |b SNK |y PREZ |7 0 |p 17A1463253 |o snkČB 4908/2020/2 |i snk2022/9432 |8 3 |0 0 |1 0 |4 0 |d 2022-06-10 |l 0 |r 2026-02-21 20:10:37 |w 2026-02-21 | ||
| 952 | |t č. 1-6 + 6 príl. |a SNK |b SNK |y PREZ |7 0 |p 17A1463250 |o snkČB 4908/2019/1 |i snk2022/9389 |8 3 |0 0 |1 0 |4 0 |d 2022-06-10 |l 0 |r 2026-02-21 20:11:19 |w 2026-02-21 | ||
| 952 | |t č. 7-12 + 6 príl. |a SNK |b SNK |y PREZ |7 0 |p 17A1463251 |o snkČB 4908/2019/2 |i snk2022/9390 |8 3 |0 0 |1 0 |4 0 |d 2022-06-10 |l 0 |r 2026-02-21 20:11:19 |w 2026-02-21 | ||
| 952 | |t č. 1-6 + špec. príl. |a SNK |b SNK |y PREZ |7 0 |p 17A0870853 |o snkČB 4908/2010/1 |i snk2014/27981 |8 4 |z špec. príl. č. 5 |0 0 |1 0 |4 0 |d 2014-12-16 |l 0 |r 2026-02-21 20:42:27 |w 2026-02-21 | ||
| 952 | |t č. 7-12 |a SNK |b SNK |y PREZ |7 0 |p 17A0870852 |o snkČB 4908/2010/2 |i snk2014/27990 |8 4 |0 0 |1 0 |4 0 |d 2014-12-16 |l 0 |r 2026-02-21 20:42:34 |w 2026-02-21 | ||
| 952 | |t č. 7-12 + 6 príl. |a SNK |b SNK |y PREZ |7 0 |p 17A1328620 |o snkČB 4908/2016/2 |i snk2018/19573 |8 4 |z Strihová príloha č. 7-12 |0 0 |1 0 |4 0 |d 2018-09-27 |l 0 |r 2026-02-21 21:02:23 |w 2026-02-21 | ||
| 952 | |t č. 1-6 + 6 príl. |a SNK |b SNK |y PREZ |7 0 |p 17A1555525 |o snkČB 4908/2021/1 |i snk2024/18477 |8 3 |z Strihová príloha č. 1-6 |0 0 |1 0 |4 0 |d 2024-12-12 |l 0 |r 2026-02-21 21:22:12 |w 2026-02-21 | ||
| 952 | |t č. 7-12 + 6 príl. |a SNK |b SNK |y PREZ |7 0 |p 17A1555526 |o snkČB 4908/2021/2 |i snk2024/18481 |8 3 |z Strihová príloha č. 7-12 |0 0 |1 0 |4 0 |d 2024-12-12 |l 0 |r 2026-02-21 21:22:12 |w 2026-02-21 | ||
| 952 | |t č. 1-6 + 6 príl. |a SNK |b SNK |y PREZ |7 0 |p 17A1555527 |o snkČB 4908/2022/1 |i snk2024/18482 |8 3 |z Strihová príloho č. 1-6 |0 0 |1 0 |4 0 |d 2024-12-12 |l 0 |r 2026-02-21 21:22:12 |w 2026-02-21 | ||
| 952 | |t č. 7-12 + 6 príl. |a SNK |b SNK |y PREZ |7 0 |p 17A1555528 |o snkČB 4908/2022/2 |i snk2024/18483 |8 3 |z Strihová príloha č. 7-12 |0 0 |1 0 |4 0 |d 2024-12-12 |l 0 |r 2026-02-21 21:22:12 |w 2026-02-21 | ||
| 952 | |t č. 1-6, neúplné |a SNK |b SNK |y PREZ |7 0 |p 17A0869739 |o snkČB 4908/2012/1 |i snk2014/16606 |8 4 |z Č. 2 + speciál Móda pro děti ; Chýba č. 5 |0 0 |1 0 |4 0 |d 2014-08-06 |l 0 |r 2026-02-21 21:33:02 |w 2026-02-21 | ||
| 952 | |t č. 7-12 |a SNK |b SNK |y PREZ |7 0 |p 17A0869740 |o snkČB 4908/2012/2 |i snk2014/16607 |8 4 |0 0 |1 0 |4 0 |d 2014-08-06 |l 1 |r 2026-04-14 09:49:48 |s 2026-04-01 |w 2026-02-21 | ||
| 952 | |t č. 1-8, neúplné |a SNK |b SNK |y PREZ |7 0 |p 17A0869752 |o snkČB 4908/2004/1 |i snk2014/16690 |8 4 |z č. 1,2,7 + strihová príloha ; Chýba č. 3-6 ; č. 8 - len strihová príloha ; |0 0 |1 0 |4 0 |d 2014-08-07 |l 0 |r 2026-02-21 21:33:06 |w 2026-02-21 | ||
| 952 | |t č. 9-12 |a SNK |b SNK |y PREZ |7 0 |p 17A0869753 |o snkČB 4908/2004/2 |i snk2014/16691 |8 4 |0 0 |1 0 |4 0 |d 2014-08-07 |l 0 |r 2026-02-21 21:33:07 |w 2026-02-21 | ||
| 952 | |t č. 1-4 |a SNK |b SNK |y PREZ |7 0 |p 17A0869754 |o snkČB 4908/2005/1 |i snk2014/16692 |8 4 |z č. 1-4 + strihová príloha |0 0 |1 0 |4 0 |d 2014-08-07 |l 0 |r 2026-02-21 21:33:07 |w 2026-02-21 | ||
| 952 | |t č. 5-8 |a SNK |b SNK |y PREZ |7 0 |p 17A0869755 |o snkČB 4908/2005/2 |i snk2014/16697 |8 4 |z č. 5-8 + strihová príloha ; č. 7+ speciál Móda pro děti |0 0 |1 0 |4 0 |d 2014-08-07 |l 0 |r 2026-02-21 21:33:07 |w 2026-02-21 | ||
| 952 | |t č. 9-12 |a SNK |b SNK |y PREZ |7 0 |p 17A0869756 |o snkČB 4908/2005/3 |i snk2014/16699 |8 4 |z č. 9-12 + strihová príloha |0 0 |1 0 |4 0 |d 2014-08-07 |l 0 |r 2026-02-21 21:33:07 |w 2026-02-21 | ||
| 952 | |t č. 1-4 |a SNK |b SNK |y PREZ |7 0 |p 17A0869757 |o snkČB 4908/2006/1 |i snk2014/16708 |8 4 |z č. 1-4 + strihová príloha |0 0 |1 0 |4 0 |d 2014-08-07 |l 0 |r 2026-02-21 21:33:07 |w 2026-02-21 | ||
| 952 | |t č. 5-8 |a SNK |b SNK |y PREZ |7 0 |p 17A0869758 |o snkČB 4908/2006/2 |i snk2014/16710 |8 4 |z č. 5-8 + strihová príloha |0 0 |1 0 |4 0 |d 2014-08-07 |l 0 |r 2026-02-21 21:33:07 |w 2026-02-21 | ||
| 952 | |t č. 9-12 |a SNK |b SNK |y PREZ |7 0 |p 17A0869759 |o snkČB 4908/2006/3 |i snk2014/16714 |8 4 |z č. 9-12 + strihová príloha |0 0 |1 0 |4 0 |d 2014-08-07 |l 0 |r 2026-02-21 21:33:07 |w 2026-02-21 | ||
| 952 | |t č. 1-6, neúplné |a SNK |b SNK |y PREZ |7 0 |p 17A0869747 |o snkČB 4908/2002/1 |i snk2014/16659 |8 4 |z č.1,2,6 + strihová príloha ; Chýba č. 3 ; č. 4,5 - len strihová príloha |0 0 |1 0 |4 0 |d 2014-08-06 |l 0 |r 2026-02-21 21:33:13 |w 2026-02-21 | ||
| 952 | |t č. 7-12, neúplné |a SNK |b SNK |y PREZ |7 0 |p 17A0869748 |o snkČB 4908/2002/2 |i snk2014/16660 |8 4 |z č. 7,9,10,12 + strihová príloha ; č. 8,11 - len strihová príloha ; |0 0 |1 0 |4 0 |d 2014-08-06 |l 0 |r 2026-02-21 21:33:13 |w 2026-02-21 | ||
| 952 | |t č. 1-4 |a SNK |b SNK |y PREZ |7 0 |p 17A0869749 |o snkČB 4908/2003/1 |i snk2014/16663 |8 4 |z č.1-4 +strihová príloha |0 0 |1 0 |4 0 |d 2014-08-06 |l 0 |r 2026-02-21 21:33:13 |w 2026-02-21 | ||
| 952 | |t č. 5-8 |a SNK |b SNK |y PREZ |7 0 |p 17A0869750 |o snkČB 4908/2003/2 |i snk2014/16668 |8 4 |z č. 5-8 + strihová príloha |0 0 |1 0 |4 0 |d 2014-08-06 |l 0 |r 2026-02-21 21:33:13 |w 2026-02-21 | ||
| 952 | |t č. 9-12 |a SNK |b SNK |y PREZ |7 0 |p 17A0869751 |o snkČB 4908/2003/3 |i snk2014/16673 |8 4 |z č. 9-12 + strihová príloha |0 0 |1 0 |4 0 |d 2014-08-06 |l 0 |r 2026-02-21 21:33:13 |w 2026-02-21 | ||
| 952 | |t č. 1-4 |a SNK |b SNK |y PREZ |7 0 |p 17A0869760 |o snkČB 4908/2007/1 |i snk2014/16723 |8 4 |z č. 1-4 + strihová príloha |0 0 |1 0 |4 0 |d 2014-08-07 |l 0 |r 2026-02-21 21:33:20 |w 2026-02-21 | ||
| 952 | |t č. 5-8 |a SNK |b SNK |y PREZ |7 0 |p 17A0869761 |o snkČB 4908/2007/2 |i snk2014/16726 |8 4 |z č. 5-8 + strihová príloha |0 0 |1 0 |4 0 |d 2014-08-07 |l 0 |r 2026-02-21 21:33:20 |w 2026-02-21 | ||
| 952 | |t č. 9-12, neúplné |a SNK |b SNK |y PREZ |7 0 |p 17A0869762 |o snkČB 4908/2007/3 |i snk2014/16731 |8 4 |z č. 9 - máme len strihovú prílohu ; č. 10-12 + strihová príloha |0 0 |1 0 |4 0 |d 2014-08-07 |l 0 |r 2026-02-21 21:33:20 |w 2026-02-21 | ||
| 952 | |t č. 1-4 |a SNK |b SNK |y PREZ |7 0 |p 17A0869763 |o snkČB 4908/2008/1 |i snk2014/16748 |8 4 |z č. 1-4 + strihová príloha |0 0 |1 0 |4 0 |d 2014-08-07 |l 0 |r 2026-02-21 21:33:20 |w 2026-02-21 | ||
| 952 | |t č. 5-8 |a SNK |b SNK |y PREZ |7 0 |p 17A0869764 |o snkČB 4908/2008/2 |i snk2014/16749 |8 4 |z č. 5-8 + strihová príloha |0 0 |1 0 |4 0 |d 2014-08-07 |l 0 |r 2026-02-21 21:33:20 |w 2026-02-21 | ||
| 952 | |t č. 9-12 |a SNK |b SNK |y PREZ |7 0 |p 17A0869765 |o snkČB 4908/2008/3 |i snk2014/16750 |8 4 |z č. 9-12 + strihová príloha |0 0 |1 0 |4 0 |d 2014-08-07 |l 0 |r 2026-02-21 21:33:20 |w 2026-02-21 | ||
| 952 | |t č. 1-4, neúplné |a SNK |b SNK |y PREZ |7 0 |p 17A0869766 |o snkČB 4908/2009/1 |i snk2014/16758 |8 4 |z Č. 3 - chýba strihová príloha |0 0 |1 0 |4 0 |d 2014-08-07 |l 0 |r 2026-02-21 21:33:21 |w 2026-02-21 | ||
| 952 | |t č. 5-8 |a SNK |b SNK |y PREZ |7 0 |p 17A0869767 |o snkČB 4908/2009/2 |i snk2014/16765 |8 4 |0 0 |1 0 |4 0 |d 2014-08-07 |l 0 |r 2026-02-21 21:33:21 |w 2026-02-21 | ||
| 952 | |t č. 9-12 |a SNK |b SNK |y PREZ |7 0 |p 17A0869768 |o snkČB 4908/2009/3 |i snk2014/16772 |8 4 |0 0 |1 0 |4 0 |d 2014-08-07 |l 0 |r 2026-02-21 21:33:21 |w 2026-02-21 | ||
| 952 | |t č. 1-6, neúplné |a SNK |b SNK |y PREZ |7 0 |p 17A0869774 |o snkČB 4908/2011/1 |i snk2014/16817 |8 4 |z Chýba č. 1 ; č. 2-6 + strihová príloha ; č. 5 + speciál Móda pro děti |0 0 |1 0 |4 0 |d 2014-08-08 |l 0 |r 2026-02-21 21:33:26 |w 2026-02-21 | ||
| 952 | |t č. 7-12, neúplné |a SNK |b SNK |y PREZ |7 0 |p 17A0869775 |o snkČB 4908/2011/2 |i snk2014/16818 |8 4 |z Chýba č. 11 |0 0 |1 0 |4 0 |d 2014-08-08 |l 0 |r 2026-02-21 21:33:26 |w 2026-02-21 | ||
| 952 | |t č. 1-6 |a SNK |b SNK |y PREZ |7 0 |p 17A1143914 |o snkČB 4908/2013/1 |i snk2015/15564 |8 4 |0 0 |1 0 |4 0 |d 2015-05-14 |l 0 |r 2026-02-21 21:34:12 |w 2026-02-21 | ||
| 952 | |t č. 7-12 + speciál |a SNK |b SNK |y PREZ |7 0 |p 17A1143913 |o snkČB 4908/2013/2 |i snk2015/15568 |8 4 |z každé číslo má strihovú prílohu; speciál č. 6 Burda kids |0 0 |1 0 |4 0 |d 2015-05-14 |l 0 |r 2026-02-21 21:34:12 |w 2026-02-21 | ||
| 952 | |t č. 1-6 |a SNK |b SNK |y NEVYP |7 1 |p 17A1100362 |o snkČB 4908/2014/1 |i snk2016/16004 |8 4 |0 0 |1 0 |4 0 |d 2016-06-21 |l 0 |r 2026-02-21 21:47:14 |w 2026-02-21 | ||
| 952 | |t č. 7-12, neúplné |a SNK |b SNK |y NEVYP |7 1 |p 17A1100363 |o snkČB 4908/2014/2 |i snk2016/16007 |8 4 |z chýba č. 9 |0 0 |1 0 |4 0 |d 2016-06-21 |l 0 |r 2026-02-21 21:47:14 |w 2026-02-21 | ||
| 952 | |t č. 1-6 + 6 príl. |a SNK |b SNK |y PREZ |7 0 |p 17A1205164 |o snkČB 4908/2015/1 |i snk2017/5229 |8 4 |z 6 strihových príloh |0 0 |1 0 |4 0 |d 2017-02-24 |l 0 |r 2026-02-21 21:55:48 |w 2026-02-21 | ||
| 952 | |t č. 7-12 + 6 príl. |a SNK |b SNK |y PREZ |7 0 |p 17A1205165 |o snkČB 4908/2015/2 |i snk2017/5230 |8 4 |z 6 strihových príloh |0 0 |1 0 |4 0 |d 2017-02-24 |l 0 |r 2026-02-21 21:55:48 |w 2026-02-21 | ||
| 952 | |t č. 1-6 |a SNK |b SNK |y PREZ |7 0 |p 17A1385499 |o snkČB 4908/2017/1 |i snk2019/32396 |8 4 |0 0 |1 0 |4 0 |d 2019-12-18 |l 0 |r 2026-02-21 22:15:43 |w 2026-02-21 | ||
| 952 | |t č. 7-12 |a SNK |b SNK |y PREZ |7 0 |p 17A1385500 |o snkČB 4908/2017/2 |i snk2019/32398 |8 4 |0 0 |1 0 |4 0 |d 2019-12-18 |l 0 |r 2026-02-21 22:15:43 |w 2026-02-21 | ||
| 952 | |a SNK |b SNK |y PREZ |7 0 |p 17A1385501 |o snkČB 4908/2017/príl. |i snk2019/32400 |8 4 |z Strihová príloha č. 1-12 |0 0 |1 0 |4 0 |d 2019-12-18 |l 0 |r 2026-02-21 22:15:43 |w 2026-02-21 | ||
| 952 | |t č. 1-6 + 6 príl. |a SNK |b SNK |y PREZ |7 0 |p 17A1432138 |o snkČB 4908/2018/1 |i snk2020/15808 |8 4 |z Strihová príloha č. 1-6 |0 0 |1 0 |4 0 |d 2020-09-08 |l 0 |r 2026-02-21 22:16:05 |w 2026-02-21 | ||
| 952 | |t č. 7-12 + 6 príl. |a SNK |b SNK |y PREZ |7 0 |p 17A1432139 |o snkČB 4908/2018/2 |i snk2020/15809 |8 4 |z Strihová príloha č. 7-12 |0 0 |1 0 |4 0 |d 2020-09-08 |l 0 |r 2026-02-21 22:16:05 |w 2026-02-21 | ||


